Desafíos para el aula de lengua en el siglo XXI: apuntes para una fundamentación desde una lectura fenomenológica-merlopontiana de la palabra (Record no. 179726)

MARC details
000 -CABECERA
campo de control de longitud fija 01561nab a2200277 a 4500
005 - FECHA Y HORA DE LA ÚLTIMA TRANSACCIÓN
campo de control 20260225064012.0
008 - ELEMENTOS DE LONGITUD FIJA--INFORMACIÓN GENERAL
campo de control de longitud fija 991125c2015 sp fr p o 000 0 spa d
035 ## - NÚMERO DE CONTROL DEL SISTEMA
Número de control de sistema UPN01000207625
040 ## - FUENTE DE LA CATALOGACIÓN
Centro catalogador/agencia de origen MX-MxUPN
Lengua de catalogación spa
Centro/agencia transcriptor MX-MxUPN
Normas de descripción aacr2
049 ## - COLECCIÓN
Colección ART-E
100 1# - ASIENTO PRINCIPAL--NOMBRE PERSONAL
Nombre de persona Condito Castagnani, Vanesa
100 1# - ASIENTO PRINCIPAL--NOMBRE PERSONAL
Filiación vacondito@hotmail.com
245 10 - MENCIÓN DE TÍTULO
Título Desafíos para el aula de lengua en el siglo XXI: apuntes para una fundamentación desde una lectura fenomenológica-merlopontiana de la palabra
506 0# - NOTA DE RESTRICCIONES AL ACCESO
Limitaciones de acceso Acceso abierto
520 3# - NOTA DE RESUMEN, ETC.
Sumario, etc. En el presente escrito nos proponemos realizar un trabajo de lectura crítica de la propuesta filosófica fenomenológica de Merleau-Ponty en torno del lenguaje a los fines de problematizar nuestro trabajo docente en el área de Lengua y Literatura y de pensar una posible fundamentación de nuestra praxis. El punto de partida que motiva nuestras indagaciones es el reconocimiento de que atravesamos una coyuntura compleja en que el lenguaje pareciera verse reducido a un código informativo –con pretensiones de transparencia y neutralidad–, en detrimento de su valor auténticamente simbólico y expresivo.
650 #4 - ASIENTO SECUNDARIO DE MATERIA - TERMINO TEMATICO
Término de materia o nombre geográfico como elemento de entrada Lenguaje
9 (RLIN) 3841
650 #4 - ASIENTO SECUNDARIO DE MATERIA - TERMINO TEMATICO
Término de materia o nombre geográfico como elemento de entrada Lectura
9 (RLIN) 13351
650 #4 - ASIENTO SECUNDARIO DE MATERIA - TERMINO TEMATICO
Término de materia o nombre geográfico como elemento de entrada Fenomenología
9 (RLIN) 7867
650 #4 - ASIENTO SECUNDARIO DE MATERIA - TERMINO TEMATICO
Término de materia o nombre geográfico como elemento de entrada Literatura
9 (RLIN) 5741
653 0# - TERMINO DE INDIZACION - NO CONTROLADO
Término no controlado Posmodernidad
773 ## - ENLACE AL DOCUMENTO FUENTE/ENTRADA DE REGISTRO ANFITRIÓN
Parte(s) relacionada(s) No. 11 (2015), p. 1-17
Título Álabe : revista de investigación sobre lectura y escritura
Número Internacional Normalizado para Publicaciones Seriadas 2171-9624
856 4# - LOCALIZACIÓN Y ACCESO ELECTRÓNICOS
Identificador Uniforme del Recurso <a href="https://doi.org/10.15645/Alabe.2015.11.8">https://doi.org/10.15645/Alabe.2015.11.8</a>
902 ## - ELEMENTOS DE DATOS B LOCAL, LDB (RLIN)
Creó Gloria Jiménez/300925
905 ## - TIPO DE MATERIAL
Tipo de material Articulo
942 ## - ELEMENTOS DE PUNTO DE ACCESO ADICIONAL (KOHA)
Tipo de ítem Koha Artículo Electrónico
Holdings
Estado de retiro Estado de pérdida Estado dañado No para préstamo Código de colección Localización permanente Ubicación/localización actual Ubicación en estantería Fecha de adquisición Total de préstamos Fecha visto por última vez Identificador Uniforme del Recurso Precio válido a partir de Tipo de ítem Koha
        Acceso abierto Bib. Gregorio Torres Quintero Bib. Gregorio Torres Quintero En línea 30/09/2025   30/09/2025 https://doi.org/10.15645/Alabe.2015.11.8 30/09/2025 Artículo Electrónico